000 00774nam a2200217Ii 4500
003 JO-AjNU
008 230605s9999||||xx |||||||||||||| ||und||
017 _a2008/3/621
020 _a978-9957-492-20-5
040 _aJO-AjNU
_bara
_erda
_cJO-AjNU
041 _aara
050 1 4 _aLB2806.M86 2009
100 3 _aتأليف المومني، خالد سليمان أحمد..... وآخرون,
_eauthor
_927169
245 0 0 _aمعالم في الفكر الإداري
264 3 1 _aإربد: دار الكتاب الثقافي، 2009 ؛ إربد: دار المتنبي، 2009
300 _a236ص
336 _atext
_btxt
_2rdacontent
337 _aunmediated
_bn
_2rdamedia
338 _avolume
_bnc
_2rdacarrier
650 4 _aالإدارة - الفكر التربوي
_927170
999 _aA10386
_c13954
_d13954